Klastre a klastrové iniciatívy ako nástroj zvyšovania konkurencieschopnosti podnikateľských subjektov

Vymedzenie klastra a klastrovej iniciatívy. Účasť v klastroch na Slovensku. Cieľ klastra, nevýhody členstva v klastri podľa MSP. Výsledky výskumu realizovaného formou dotazníkového prieskumu v roku 2015.

Gespeichert in:
Bibliographische Detailangaben
1. Verfasser: Richnák, Patrik, 1988-
Format: Buchkapitel
Sprache:Slowakisch
Schlagworte:
Tags: Tag hinzufügen
Keine Tags, Fügen Sie das erste Tag hinzu!

MARC

LEADER 00000nla a2200000 4500
001 0221025
005 20240502073630.6
041 0 |a slo 
044 |a SK 
245 1 0 |a Klastre a klastrové iniciatívy ako nástroj zvyšovania konkurencieschopnosti podnikateľských subjektov  |c Patrik Richnák 
520 |a Vymedzenie klastra a klastrovej iniciatívy. Účasť v klastroch na Slovensku. Cieľ klastra, nevýhody členstva v klastri podľa MSP. Výsledky výskumu realizovaného formou dotazníkového prieskumu v roku 2015. 
610 2 0 |a klaster 
610 2 0 |a pojmy 
610 2 0 |a podnik malý 
610 2 0 |a podnik stredný 
610 2 0 |a výhody konkurenčné 
610 2 0 |a Slovensko 
100 1 |a Richnák, Patrik, 1988-